Legislación y género /

Gorde:
Xehetasun bibliografikoak
Egile nagusia: Valerín Rodríguez, Gloria
Formatua: Texto
Gaiak:
Etiketak: Etiketa erantsi
Etiketarik gabe, Izan zaitez lehena erregistro honi etiketa jartzen!

MARC

LEADER 00000 a a2200000 04500
001 17125
003
040
100 |a Valerín Rodríguez, Gloria  
245 |a Legislación y género /  |c Gloria Valerín Rodríguez 
650 |a LEGISLACION  
650 |a MUJERES  
650 |a PARTICIPACION DE LA MUJER  
650 |a PARTICIPACION POLITICA  
650 |a POLITICA  
650 |a DERECHOS HUMANOS  
650 |a DISCRIMINACION BASADA EN EL SEXO  
773 |g volumen 7, número 1; páginas 181-193  
999 |c 21902  |d 21902